| 000 | 00388nam a2200157Ia 4500 | ||
|---|---|---|---|
| 008 | 230917s9999||||xx |||||||||||||| ||und|| | ||
| 040 |
_e33719 _aMAIN |
||
| 041 | _aEnglish | ||
| 082 | _a153.15 L621L | ||
| 100 | _aLieberman, David A | ||
| 245 | 0 | _aLearning: behavior and cognition | |
| 250 | _a3rd ed. | ||
| 260 |
_aAustralia _bWadsworth _c2000 |
||
| 300 | _axxiii,595 p. | ||
| 942 | _cBK | ||
| 999 |
_c92802 _d92802 |
||